000 00512nam a22002177a 4500
003 UA-OsUOA
001 36291
007 ta
008 20060120b un ||||| |||| 00| 0 ukr d
100 _aКидрук І.
090 _a94
942 _cSA
040 _aUA-OsUOA
_bukr
_cUA-OsUOA
_dUA-OsUOA
245 _aОбпалена пам'ять
300 _aС.14
955 _a0
041 _aukr
080 _a94
773 0 _w36290
650 7 _a9 Географія. Біографії. Історія
_2UDC
999 _c322534
_d322534